Ant and Dec Trivia - Statistics

General Stats
  • This quiz has been taken 206 times
    49 since last reset
  • The average score is 9 of 17
Answer Stats
Hint Answer % Correct
British talent show which they host Britain's got Talent
91%
A Saturday evening show also hosted by them Saturday Night Takeaway
84%
Football team they support and birthplace Newcastle United
79%
Song released in 1994 but re-released in 2013 for charity Let's Get Ready to Rhumble
74%
Dec's full name Declan Donnelly
70%
Name the reality show they host featuring famous stars eating unusual food I'm a Celebrity Get Me Out of Here
70%
Ant's full name Anthony McPartlin
67%
Where they live London
65%
Ant was restrained by police for doing what? Drink driving
53%
Band they formed in 1993 PJ and Duncan
53%
The pair have holiday homes next door to each other in this European country Portugal
47%
Ant's phobia Spiders
44%
Number of BAFTA awards 19
40%
Ant's middle name David
19%
Dec's phobia Birds
14%
Dec's two middle names Joseph Oliver
14%
The rule which they follow which has Ant on the left and Dec on the right 180-degree rule
0%
No matching quizzes found
Score Distribution
Percent of People with Each Score
Percentile by Number Answered
Your Score History
You have not taken this quiz since the last reset